000 00574nam a2200181 a 4500
001 000030375
005 20210420113209.0
008 110516s1995 dr 000 0 spa d
040 _aDO-SdBNP
_bspa
_cBNPHU
082 _axxx
_bP935
100 1 _aPressoir, Eveline
_957019
245 1 3 _aLa discrimanación sexual como construcción social /
_cEveline Pressoir.
260 _aSanto Domingo :
_bUNICEF,
_c1995.
300 _a48 P. ;
_c26 cm.
500 _aIncluye notas al pie de las páginas
710 _aFondo de las Naciones Unidas para la Infancia
_99270
049 _aBNPD
999 _c29867
_d29867